| 000 | 01387nam a2200205 a 4500 | ||
|---|---|---|---|
| 001 | ASIN8182744083 | ||
| 005 | 20170105102844.0 | ||
| 008 | 130805s2009 xxu eng d | ||
| 020 |
_a8182744083 (hardcover) _c$52.95 |
||
| 020 | _a9788182744080 (hardcover) | ||
| 040 | _a0 | ||
| 082 | _a00000 | ||
| 100 | 1 | _aWeir. | |
| 245 | 1 | 0 |
_aGuerilla warfare / _cWeir. |
| 260 |
_a[S.l.] : _bMotilal UK Books of India, _c2009. |
||
| 300 |
_a253 p. ; _c24 cm. |
||
| 520 | _aThe twentieth century produced scores of such conflicts, whether as sideshows of the world wars or as the main events in wars of revolution or liberation. "Guerrilla Warfare" examines twenty-one of these conflicts, shedding light on the remarkable capabilities of unconventional fighters to outlast and defeat their enemies. "Guerrilla Warfare" covers a century of unconventional fighters at war including: succinct accounts of 21 guerrilla conflicts in the twentieth century; the exploits of men like Lawrence of Arabia, Orde Wingate, Mao Zedong, and Che Guevera; the American hunt for Pancho Villa; Mao versus Chiang in the Chinese Civil War; the showdown at Dien Bien Phu in 1954; France's long war in Algeria; the Siege of Khe Sanh in the Vietnam War; the Afgan-Soviet War from 1979 to 1989; and, more. | ||
| 856 | 4 | 0 |
_3Amazon.com _uhttp://www.amazon.com/exec/obidos/ASIN/8182744083/chopaconline-20 |
| 942 |
_2ddc _cBK |
||
| 999 |
_c13998 _d13998 |
||